Комплексная переработка и использование торфа: сборник материалов научно-технической конференции молодых специалистов ВНИИТП

Dettagli Bibliografici
Enti autori: Всесоюзный научно-исследовательский институт торфяной промышленности, Комплексная переработка и использование торфа
Lingua:russo
Pubblicazione: Ленинград, 1974
Soggetti:
Natura: Libro
KOHA link:https://koha.lib.tpu.ru/cgi-bin/koha/opac-detail.pl?biblionumber=93235

MARC

LEADER 00000nam0a2200000 4500
001 93235
005 20231031105111.0
035 |a (RuTPU)RU\TPU\book\99844 
090 |a 93235 
100 |a 20060327d1974 k y0rusy50 ca 
101 0 |a rus 
102 |a RU 
105 |a y z 100zy 
200 1 |a Комплексная переработка и использование торфа  |e сборник материалов научно-технической конференции молодых специалистов ВНИИТП  |f Всесоюзный научно-исследовательский институт торфяной промышленности; Комплексная переработка и использование торфа 
210 |a Ленинград  |d 1974 
215 |a 120 с. 
610 1 |a торф 
610 1 |a переработка 
610 1 |a использование 
610 1 |a конференции 
675 |a 622.331(063)  |v 3 
675 |a 662.641(063)  |v 3 
712 0 2 |a Всесоюзный научно-исследовательский институт торфяной промышленности  |2 stltpush  |3 (RuTPU)RU\TPU\col\10284 
712 0 2 |a Комплексная переработка и использование торфа  |c конференция  |e Ленинград  |f 1974 
801 1 |a RU  |b 63413507  |c 20060327  |g PSBO 
801 2 |a RU  |b 63413507  |c 20071008  |g PSBO 
942 |c BK